FOREST products : World outlook projections :

Bibliographic Details
Corporate Author: Food and Agriculture Organization of the United Nations (FAO)
Format: Book
Published: Rome : Food and Agriculture Organization of the United Nations , 1988
Series:FAO forestry paper ; v. 84
Subjects:

MARC

LEADER 00000cam a2200000 7i4500
001 0000001262
005 20030326.0
020 0 0 |a 925002682X 
090 0 0 |a FAO634.98   |b FOR 1988 
245 0 0 |a FOREST products :   |b World outlook projections :   |b Projections of consumption and production of wood-based products to 2000 .   |l Produits forestiers ... .   |l Productos forestales ...   |c prepared by the Statistics and Economic Analysis staff of the FAO Forestry Department 
260 0 0 |a Rome :   |b Food and Agriculture Organization of the United Nations ,   |c 1988 
300 |a viii, 350 p. ;   |c 30 cm. 
440 0 0 |a FAO forestry paper ; v. 84 
650 0 0 |a Forest products industry   |x Forecasting 
650 0 0 |a Forest products industry   |x Statistics 
710 1 1 |a Food and Agriculture Organization of the United Nations (FAO) 
998 |a JPSM 
999 |a 0000002164   |b Monograph   |c Food and Agriculture Organization   |e Default branch